000 00604nam a2200157Ia 4500
999 _c21493
_d21493
082 _aTL.0030
100 _aLalita Kumari, Volety
245 0 _aStudy of some aspects of the American economic assistance programme in India during the Kennedy and Johnson administrations
260 _c1976
_bUniversity of Bombay
300 _a518p. + C D - 44
650 _aINDIA - FOREIGN RELATIONS - UNITED STATES
650 _aUNITED STATES - FOREIGN RELATIONS - INDIA//INDIA - FOREIGN RELATIONS - UNITED STATES
650 _aECONOMIC ASSISTANCE, AMERICAN - INDIA
710 _aRamesh Babu, B.
942 _cTH
_2ddc